00222nam a2200097 a 450000500170000000800410001705000170005824500200007565000090009565000200010420141022142004.0080915s19uu xx 00 eng d aVCDbA2 2003 aAmerican adobo. aVCD. aAmerican adobo.